| 000 | 00824nam a2200241 a 4500 | ||
|---|---|---|---|
| 001 | 58440 | ||
| 003 | BD-RjUL | ||
| 005 | 20211209080623.0 | ||
| 008 | 161218s1993 nyua b 000 0 eng | ||
| 020 | _a0819190616 (cloth : alk. paper) | ||
| 020 | _a0819190624 (pbk. : alk. paper) | ||
| 035 | _a(BD-RjUL)58564 | ||
| 040 |
_aDLC _cDLC _dBD-RjUL _beng |
||
| 041 | _aeng | ||
| 082 | 0 | 0 |
_a330.952 _223 _bSAB 1993 |
| 100 | 1 |
_aSakakibara, Eisuke. _9173562 |
|
| 245 | 1 | 0 |
_aBeyond capitalism : _bthe Japanese model of market economics / _cEisuke Sakakibara ; with an introduction by Clyde V. Prestowitz |
| 260 |
_aNew York : _bUniversity Press of America, _c1993. |
||
| 300 |
_axxi, 162 p. : _bill. ; _c24 cm. |
||
| 504 | _aIncludes bibliographical references. | ||
| 651 | 0 |
_aJapan _xEconomic conditions. _9173504 |
|
| 942 |
_2ddc _cBK |
||
| 999 |
_c58440 _d58440 |
||